00418nam a2200169Ia 4500008004100000020001800041245002100059245005100080260001500131260001600146260000900162300001500171300002500186300001000211500000800221999001900229170705s9999 xx 000 0 und d a9780590438803 aHesop's fables / cAnn McGovern ; illustrated by A. J. McClaskey. aNew York : bScholastic, c1963 a78 pages : bcolor illustration ; c19cm. a780 c336337d336337